000 01984cam a22004934i 4500
003 PE-LiUPU
005 20250731172945.0
008 150623s1997 dcua rb 000 0 eng d
020 _a1880317508
035 _a(Sirsi) i9781880317501
040 _aPE-LiUPU
_bspa
_cPE-LiUPU
_erda
049 _aPRUA
082 0 4 _a291.211
_bA15
_221
245 0 0 _aAspects of monotheism : how God is one :
_bsymposium at the Smithsonian Institution, October 19, 1996, sponsored by the Resident Associate Program /
_ccontribuyentes, Donald B. Redford .. [et al.] ; editores, Hershel Shanks, Jack Meinhardt.
264 1 _aWashington, D.C. :
_bBiblical Archaeology Society,
_c1997.
300 _a131 páginas :
_bilustraciones ;
_c22 centímetros
336 _atext
_2rdacontent
337 _aunmediated
_2rdamedia
338 _avolume
_2rdacarrier
504 _aIncluye bibliografía.
505 0 _aThe monotheism of Akhenaten -- Folk religion in early Israel: Did Yahweh have a consort? -- The religious reforms of Hezekiah and Josiah -- Jewish Monotheism and Christian theology.
526 _aSEG42
526 _aSEG41
526 _aSEG40
526 _aSEG39
526 _aP94
526 _aP87
526 _aP86
526 _aP85
526 _aP77
526 _aP76
526 _aP35
650 0 4 _aMonoteísmo
_zOriente cercano
_zEstados Unidos.
650 0 4 _aOriente cercano
_xReligión
_xCongresos.
700 1 _aMeinhardt, Jack1956-,
_eeditor.
700 1 _aRedford, Donald B.,
_eeditor.
700 1 _aShanks, Hershel,
_eeditor.
942 _2ddc
_cBOOK
949 _a291.211 A15
_wDEWEY
_c1
_i44727
_lCCODEBUL1
_mBUL
_r0
_sY
_tBOOK
_u2015-6-24
_xTEOLOGIA
_PP35
_0COMPRA
_o.STAFF. Colección General
994 _aC0
_bPEPRU
596 _a1
999 _a291.211 A15
_wDEWEY
_c21592
_i44727
_f2021-11-30
_g5
_lCCODEBUL1
_mBUL
_p15.97
_r0
_sY
_tBOOK
_u2015-6-24
_xTEOLOGIA
_PP35
_0COMPRA
_o.STAFF. Colección Teología
_d21592
980 _81
_gALBERTO SANCHEZ Responsable de Automatización